NHL first three picks redo since 2013 - Statistics

General Stats
  • This quiz has been taken 26 times
  • The average score is 16 of 36
Answer Stats
Year Number Player name % Correct
2015 1 Connor McDavid
79%
2014 1 Leon Draisaitl
79%
2016 1 Auston Matthews
68%
2019 1 Jack Hughes
68%
2013 1 Nathan Mackinnon
68%
2018 2 Quinn Hughes
68%
2018 1 Brady Tkachuk
63%
2017 1 Cale Makar
63%
2016 2 Matthew Tkachuk
63%
2021 1 Owen Power
63%
2020 2 Alexis Lafrenière
58%
2012 1 Andrei Vasilevskiy
58%
2015 3 Mitch Marner
58%
2014 2 Aaron Ekblad
53%
2013 2 Aleksander Barkov
47%
2017 3 Elias Pettersson
47%
2021 2 Matty Beniers
47%
2011 1 Nikita Kucherov
47%
2010 2 Taylor Hall
47%
2011 3 Johnny Gaudreau
42%
2018 3 Andrei Svechnikov
37%
2014 3 David Pastrnak
37%
2011 2 Jonathan Huberdeau
37%
2017 2 Miro Heiskanen
37%
2020 3 Tim Stutzle
37%
2015 2 Kirill Kaprizov
32%
2019 3 Trevor Zegras
32%
2012 2 Filip Forsberg
26%
2012 3 Morgan Rielly
26%
2016 3 Adam Fox
21%
2013 3 Jake Guentzel
21%
2020 1 Lucas Raymond
21%
2010 3 Mark Stone
21%
2021 3 Mason McTavish
21%
2019 2 Moritz Seider
21%
2010 1 Evgeny Kuznetsov
16%
No matching quizzes found
Score Distribution
Percent of People with Each Score
Percentile by Number Answered
Your Score History
You have not taken this quiz